An Introduction to derivatives and risk management / (Record no. 2069)
[ view plain ]
| 000 -LEADER | |
|---|---|
| fixed length control field | 01049cam a22002892 4500 |
| 001 - CONTROL NUMBER | |
| control field | 0000003068 |
| 005 - DATE AND TIME OF LATEST TRANSACTION | |
| control field | 20151217145732.0 |
| 008 - FIXED-LENGTH DATA ELEMENTS--GENERAL INFORMATION | |
| fixed length control field | 070426s xx 000 0 eng d |
| 020 ## - INTERNATIONAL STANDARD BOOK NUMBER | |
| International Standard Book Number | 0030311470 : |
| 040 ## - CATALOGING SOURCE | |
| Original cataloging agency | KABU |
| Transcribing agency | KABU |
| 050 #0 - LIBRARY OF CONGRESS CALL NUMBER | |
| Classification number | HG6024 |
| Item number | .A3C43 2001 |
| 100 1# - MAIN ENTRY--PERSONAL NAME | |
| Personal name | Chance, Don M. |
| -- | 0000152683 |
| 245 13 - TITLE STATEMENT | |
| Title | An Introduction to derivatives and risk management / |
| Statement of responsibility, etc. | Don M. Chance. |
| 250 ## - EDITION STATEMENT | |
| Edition statement | 5th ed. |
| 260 ## - PUBLICATION, DISTRIBUTION, ETC. (IMPRINT) | |
| Place of publication, distribution, etc. | Fort Worth, TX : |
| Name of publisher, distributor, etc. | Harcourt College Publishers, |
| Date of publication, distribution, etc. | c2001. |
| 300 ## - PHYSICAL DESCRIPTION | |
| Extent | xxvi, 822 p. : |
| Other physical details | ill. ; |
| Dimensions | 24 cm + |
| Accompanying material | 1 computer optical disc (4 3/4 in.) |
| 440 #4 - SERIES STATEMENT/ADDED ENTRY--TITLE | |
| Title | The Harcourt series in finance |
| -- | 0000152684 |
| 500 ## - GENERAL NOTE | |
| General note | Rev. ed. of: An introduction to derivatives. 4th ed. c1998. |
| 504 ## - BIBLIOGRAPHY, ETC. NOTE | |
| Bibliography, etc | Includes bibliographical references and index. |
| 650 #0 - SUBJECT ADDED ENTRY--TOPICAL TERM | |
| Topical term or geographic name as entry element | Derivative securities. |
| -- | 0000152685 |
| 650 #0 - SUBJECT ADDED ENTRY--TOPICAL TERM | |
| Topical term or geographic name as entry element | Risk management. |
| -- | 0000150875 |
| 650 #0 - SUBJECT ADDED ENTRY--TOPICAL TERM | |
| Topical term or geographic name as entry element | Options (Finance) |
| -- | 0000152668 |
| 650 #0 - SUBJECT ADDED ENTRY--TOPICAL TERM | |
| Topical term or geographic name as entry element | Futures market. |
| -- | 0000152686 |
| 908 ## - PUT COMMAND PARAMETER (RLIN) | |
| Put command parameter | 070426 |
| 950 ## - LOCAL HOLDINGS (RLIN) | |
| -- | 1 |
| Withdrawn status | Lost status | Source of classification or shelving scheme | Not for loan | Home library | Current library | Date acquired | Total Checkouts | Full call number | Barcode | Date last seen | Date last checked out | Price effective from | Koha item type |
|---|---|---|---|---|---|---|---|---|---|---|---|---|---|
| Library of Congress Classification | Kabarak, Main Campus | Kabarak, Main Campus | 17/12/2015 | 1 | HG6024 .A3C43 2001 | 007050 | 02/11/2016 | 05/10/2016 | 17/12/2015 | General Collection |